Historia de las doctrinas económicas / (Registro nro. 5503)

Detalles MARC
000 -LEADER
fixed length control field 01314nam a2200313Ia 4500
003 - CONTROL NUMBER IDENTIFIER
control field OSt
005 - DATE AND TIME OF LATEST TRANSACTION
control field 20200618192219.0
008 - FIXED-LENGTH DATA ELEMENTS--GENERAL INFORMATION
fixed length control field 191128s1952 sp gr 001 0 spa d
040 ## - CATALOGING SOURCE
Original cataloging agency CO-JMCR
Transcribing agency CO-JMCR
041 1# - LANGUAGE CODE
Language code of text/sound track or separate title spa
Language code of original fr
082 04 - DEWEY DECIMAL CLASSIFICATION NUMBER
Classification number 330.15 /
Item number G655h
Edition number 23
100 1# - MAIN ENTRY--PERSONAL NAME
Personal name Gonnard, Rene,
Relator term autor
9 (RLIN) 5788
245 10 - TITLE STATEMENT
Title Historia de las doctrinas económicas /
Statement of responsibility, etc. Rene Gonnard ; traducción de J. Campo Moreno ; revisada y ampliada con arreglo a la última edición francesa, de 1947, por Inocencia Rodriguez-Mellado
250 ## - EDITION STATEMENT
Edition statement Cuarta edición
260 ## - PUBLICATION, DISTRIBUTION, ETC.
Place of publication, distribution, etc. Madrid :
Name of publisher, distributor, etc. Aguilar,
Date of publication, distribution, etc. 1952.
300 ## - PHYSICAL DESCRIPTION
Extent xxiii, 664 páginas ;
Dimensions 21 cm.
490 0# - SERIES STATEMENT
Series statement Biblioteca de ciencias sociales. Sección primera: economía
500 ## - GENERAL NOTE
General note Índice alfabético páginas 647-664.
505 0# - FORMATTED CONTENTS NOTE
Formatted contents note Edad antigua y edad media -- El mercantilismo -- La fisiocracia -- La escuela liberal -- El socialismo en los siglos XIX y XX -- Escuelas realistas
534 ## - ORIGINAL VERSION NOTE
Introductory phrase Histoire des doctrines economiques
546 ## - LANGUAGE NOTE
Language note Traducido del francés
650 14 - SUBJECT ADDED ENTRY--TOPICAL TERM
Topical term or geographic name entry element Doctrinas económicas
9 (RLIN) 4597
650 24 - SUBJECT ADDED ENTRY--TOPICAL TERM
Topical term or geographic name entry element Historia económica
9 (RLIN) 5789
650 24 - SUBJECT ADDED ENTRY--TOPICAL TERM
Topical term or geographic name entry element Economía Socialismo
9 (RLIN) 1764
650 24 - SUBJECT ADDED ENTRY--TOPICAL TERM
Topical term or geographic name entry element Mercantilismo
9 (RLIN) 5790
700 1# - ADDED ENTRY--PERSONAL NAME
Personal name Campo Moreno, J.,
Relator term traductor
9 (RLIN) 5791
700 1# - ADDED ENTRY--PERSONAL NAME
Personal name Rodriguez-Mellado, Inocencia,
Relator term revisora
9 (RLIN) 5792
942 ## - ADDED ENTRY ELEMENTS (KOHA)
Source of classification or shelving scheme Dewey Decimal Classification
Koha item type Books
Existencias
Withdrawn status Lost status Source of classification or shelving scheme Materials specified (bound volume or other part) Damaged status Not for loan Home library Current library Shelving location Date acquired Source of acquisition Cost, normal purchase price Total Checkouts Full call number Barcode Date last seen Copy number Price effective from Koha item type
    Dewey Decimal Classification Donación--15/04/2018--     Biblioteca Pública José María del Castillo y Rada Biblioteca Pública José María del Castillo y Rada General Stacks 11/28/2019 Donación 0.00   330.15 / G655h 430002012 05/16/2024 Ej.1 11/28/2019 Books